| 000 | 00770nam a2200265 a 4500 | ||
|---|---|---|---|
| 999 |
_c12432 _d12432 |
||
| 001 | 12432 | ||
| 003 | BD-JhCC | ||
| 005 | 20220216090215.0 | ||
| 008 | 220216b1992 vau |||| ||a| 001 0 eng d | ||
| 020 | _a0912463376 | ||
| 035 | _a(BD-JhCC)12432 | ||
| 040 |
_aBD-JhCC _dBD-JhCC |
||
| 041 | _aenglish | ||
| 082 |
_a953.021 _bALU 1992 |
||
| 100 | _aAl-Umari, Akram Diya | ||
| 245 |
_aMadinan Society At The Time Of The Prophet / _c Akram Diya Al-Umari, tran: Huda Khattab. |
||
| 260 |
_aHerndo: _bInternational Institute Of Islamic Thought; _c1992. |
||
| 300 |
_a178 p. : _c22 cm. |
||
| 490 | _aIssues In Islamic Thought (3): I,II | ||
| 650 | _aIslam Methodology | ||
| 650 | _aSaudi Arabia -Medina | ||
| 700 | _aKhattab,Huda | ||
| 942 |
_2ddc _cBK |
||